[Event "Alberta op"]
[Site "Edmonton"]
[Date "2017.10.09"]
[Round "5"]
[White "Rohatynski, Jordan"]
[Black "Gueverra, Alvin"]
[Result "1-0"]
[WhiteElo "1605"]
[BlackElo "1920"]
[PlyCount "69"]
[EventDate "2017.10.07"]
[EventType "swiss"]
[EventRounds "6"]
[EventCountry "CAN"]
[SourceTitle "EXT 2019"]
[Source "ChessBase"]
[SourceDate "2018.10.10"]
[SourceVersion "1"]
[SourceVersionDate "2018.10.10"]
[SourceQuality "1"]

1. e4 d6 2. d4 Nf6 3. Nc3 g6 4. h3 Bg7 5. Bc4 0-0 6. Nge2 Nc6 7. 0-0 Nxe4 8. Nxe4 d5 9. Bxd5 Qxd5 10. N4c3 Qh5 11. d5 Rd8 12. Nf4 Qxd1 13. Rxd1 Nb4 14. Rd2 Bh6 15. Re2 Bg5 16. a3 Na6 17. Nxg6 hxg6 18. Bxg5 f6 19. Bf4 Kf7 20. Rae1 Rd7 21. b4 c6 22. d6 e5 23. Bxe5 fxe5 24. Rxe5 Rxd6 25. Ne4 Rd8 26. Ng5+ Kg8 27. Re7 Rd7 28. Re8+ Kg7 29. Ne6+ Kf6 30. Re4 Rh7 31. Nf8 Rc7 32. Rf4+ Kg5 33. g3 Rb8 34. Rh4 Bf5 35. Rxb8 1-0

[Event "Edmonton op qual 12th"]
[Site "Edmonton"]
[Date "2017.04.29"]
[Round "2"]
[White "Malek, Omid"]
[Black "Rohatynski, Jordan"]
[Result "1-0"]
[WhiteElo "2099"]
[BlackElo "1591"]
[PlyCount "59"]
[EventDate "2017.04.29"]
[EventType "swiss"]
[EventRounds "5"]
[EventCountry "CAN"]
[SourceTitle "EXT 2019"]
[Source "ChessBase"]
[SourceDate "2018.10.10"]
[SourceVersion "1"]
[SourceVersionDate "2018.10.10"]
[SourceQuality "1"]

1. d4 Nf6 2. Bg5 d6 3. e3 Nbd7 4. Nf3 h6 5. Bh4 c6 6. Be2 Qc7 7. Nbd2 e5 8. 0-0 e4 9. Ne1 d5 10. Bg3 Bd6 11. Bxd6 Qxd6 12. c4 Nf8 13. f3 Bf5 14. Qb3 0-0-0 15. Qa4 Kb8 16. b4 g5 17. b5 c5 18. fxe4 Bxe4 19. dxc5 Qxc5 20. Rxf6 Qxe3+ 21. Rf2 Qxd2 22. Qa3 Qd4 23. Rd1 Qe5 24. c5 f5 25. b6 axb6 26. cxb6 d4 27. Rc1 Bc6 28. Rxc6 bxc6 29. Qa7+ Kc8 30. Ba6# 1-0

[Event "Edmonton WBX tt"]
[Site "Edmonton"]
[Date "2016.12.18"]
[Round "5"]
[White "Rohatynski, Jordan"]
[Black "Briones, Dante"]
[Result "0-1"]
[WhiteElo "1523"]
[BlackElo "1970"]
[PlyCount "76"]
[EventDate "2016.12.17"]
[EventType "team-swiss"]
[EventRounds "5"]
[EventCountry "CAN"]
[SourceTitle "EXT 2019"]
[Source "ChessBase"]
[SourceDate "2018.10.10"]
[SourceVersion "1"]
[SourceVersionDate "2018.10.10"]
[SourceQuality "1"]

1. e4 c5 2. Nf3 d6 3. b3 Nf6 4. e5 dxe5 5. Nxe5 Qd4 6. Bb5+ Nc6 7. Nc4 Bg4 8. Bb2 Qe4+ 9. Ne3 Bxd1 10. Nc3 Qh4 11. Rxd1 e6 12. Ne2 Be7 13. d4 0-0 14. d5 Nxd5 15. Nxd5 exd5 16. 0-0 d4 17. c3 dxc3 18. Nxc3 Bf6 19. Rd3 Bd4 20. Rh3 Qe7 21. Nd5 Qe5 22. Bd3 g6 23. Bxd4 cxd4 24. Bc4 b5 25. f4 Qd6 26. f5 bxc4 27. bxc4 Ne7 28. Nf4 Nxf5 29. g4 Ne3 30. Rff3 Nxg4 31. Nd3 Ne5 32. Nxe5 Qxe5 33. Rd3 Rac8 34. a4 Rxc4 35. Rhf3 Rc2 36. Rf2 Qe1+ 37. Rf1 Qe2 38. Rh3 Qg2# 0-1